000
00210nam a22000857a 4500
008
160831b xxu||||| |||| 00| 0 eng d
100
_9
270
_a
Goscinny R
245
_a
Black Gold
260
_a
USA
_b
Orion publication
_c
2004
999
_c
2928
_d
2928